000
00312nam a2200109Ia 4500
008
171211s9999 xx 000 0 und d
245
_a
Gambling and Problem Gambling in Britain by Bob Erens
245
_c
Bob Erens
260
_c
2003
650
_x
GAMBLING
856
_u
http://down.ebook777.com/040/1583919228.pdf
999
_c
349003
_d
349003